[Event "Superbet Blitz 2022"]
[Site "Warsaw POL"]
[Date "2022.05.23"]
[Round "17.3"]
[White "Wojtaszek, Radoslaw"]
[Black "Shevchenko, Kirill"]
[Result "1/2-1/2"]
[WhiteTitle "GM"]
[BlackTitle "GM"]
[WhiteElo "2696"]
[BlackElo "2644"]
[WhiteFideId "1118358"]
[BlackFideId "14129574"]
[EventDate "2022.05.22"]

1. Nf3 Nf6 2. c4 g6 3. g3 Bg7 4. Bg2 O-O 5. O-O d6 6. d4 Nbd7 7. Nc3 e5 8. e4
Re8 9. h3 b6 10. Be3 exd4 11. Nxd4 Bb7 12. f3 d5 13. cxd5 Nxd5 14. Nxd5 Bxd5 15.
Bf2 Bb7 16. Qc2 Nc5 17. Rad1 Qe7 18. Rfe1 a5 19. e5 Rad8 20. f4 Bxg2 21. Kxg2
Qd7 22. Kh2 Qc8 23. Nc6 Rxd1 24. Rxd1 Qe6 25. Nd4 Qxa2 26. Nb5 Ne6 27. Rd2 c5
28. Nd6 Rf8 29. Qc4 Qb1 30. Nxf7 Kxf7 31. Rd7+ Kg8 32. Qxe6+ Kh8 33. Qe7 Rg8 34.
Rd8 Qxb2 35. Rxg8+ Kxg8 36. Qe6+ Kf8 37. Qd6+ Kg8 38. Qe6+ Kf8 39. Qd6+ Kg8 40.
Qe6+ Kf8 1/2-1/2

[Event "Superbet Blitz 2022"]
[Site "Warsaw POL"]
[Date "2022.05.23"]
[Round "17.5"]
[White "Caruana, Fabiano"]
[Black "So, Wesley"]
[Result "1-0"]
[WhiteTitle "GM"]
[BlackTitle "GM"]
[WhiteElo "2786"]
[BlackElo "2776"]
[WhiteFideId "2020009"]
[BlackFideId "5202213"]
[EventDate "2022.05.22"]

1. d4 d5 2. c4 dxc4 3. Nf3 Nf6 4. e3 e6 5. Bxc4 a6 6. O-O c5 7. Be2 cxd4 8. Nxd4
Be7 9. Nd2 O-O 10. b3 b5 11. Bb2 Bb7 12. Rc1 Qd7 13. Bf3 Ra7 14. Qe2 Bxf3 15.
N2xf3 Rc8 16. Ne5 Qe8 17. a4 bxa4 18. bxa4 Rac7 19. Rxc7 Rxc7 20. Ra1 Qc8 21. h3
Nbd7 22. Nxd7 Nxd7 23. a5 Bf6 24. Ba3 Bxd4 25. exd4 Rc3 26. Bd6 Rc1+ 27. Rxc1
Qxc1+ 28. Kh2 Qc6 29. Bg3 h6 30. d5 exd5 31. Qe8+ Kh7 32. Qxf7 d4 33. Qf5+ Kg8
34. Qd3 Qd5 35. Qxa6 d3 36. Qc8+ Nf8 37. a6 d2 38. a7 d1=Q 39. a8=Q Qxa8 40.
Qxa8 Qd7 41. Qb8 Kf7 42. Bd6 Ng6 43. f4 Ne7 44. Qb3+ Kg6 45. Be5 Nf5 46. Qc2 Kf7
47. g4 Ne7 48. Kg3 g6 49. Bb2 Nd5 50. Qe4 Qe6 51. Kf3 h5 52. Qd4 hxg4+ 53. hxg4
Ne7 54. Qg7+ Ke8 55. Qh8+ Kf7 56. Qg7+ Ke8 57. Bc3 g5 58. Qh8+ Kf7 59. f5 Qd5+
60. Ke3 Nxf5+ 61. gxf5 Qxf5 62. Qg7+ Ke6 63. Qg8+ Kd7 64. Qg7+ Ke6 65. Bd4 g4
66. Qg8+ Kd7 67. Qg7+ Ke6 68. Kd2 Qe4 69. Qf6+ Kd5 70. Be3 Qb4+ 71. Ke2 Qe4 72.
Qf7+ Kd6 73. Qf8+ Kd5 74. Kd2 Qf3 75. Qa8+ Ke5 76. Qe8+ Kf5 77. Qd7+ Kg6 78.
Qe6+ Kh7 79. Qh6+ Kg8 80. Qg6+ 1-0

[Event "Superbet Blitz 2022"]
[Site "Warsaw POL"]
[Date "2022.05.23"]
[Round "18.1"]
[White "Aronian, Levon"]
[Black "Caruana, Fabiano"]
[Result "1/2-1/2"]
[WhiteTitle "GM"]
[BlackTitle "GM"]
[WhiteElo "2765"]
[BlackElo "2786"]
[WhiteFideId "13300474"]
[BlackFideId "2020009"]
[EventDate "2022.05.22"]

1. e4 c5 2. Nf3 d6 3. d4 cxd4 4. Nxd4 Nf6 5. Nc3 a6 6. Be3 e5 7. Nb3 Be7 8. f3
h5 9. Qd2 Be6 10. O-O-O Nbd7 11. Kb1 Qc7 12. Nd5 Nxd5 13. exd5 Bf5 14. Bd3 Bxd3
15. Qxd3 b5 16. Bd2 O-O 17. Na5 Rac8 18. Rc1 Nb6 19. b3 Bf6 20. c4 bxc4 21. Nxc4
Nxc4 22. Rxc4 Qd7 23. Rhc1 Rxc4 24. Rxc4 Ra8 25. Rc6 a5 26. a4 g6 27. Ka2 Kg7
28. Bc3 h4 29. h3 Bg5 30. Qe4 Bf6 31. Be1 Qa7 32. Bxh4 Bxh4 33. Qxh4 Rb8 34.
Rxd6 Qe3 35. Qf6+ Kh6 36. Qh4+ Kg7 37. Qf6+ Kh6 38. Qh4+ Kg7 1/2-1/2

[Event "Superbet Blitz 2022"]
[Site "Warsaw POL"]
[Date "2022.05.23"]
[Round "18.2"]
[White "So, Wesley"]
[Black "Rapport, Richard"]
[Result "1-0"]
[WhiteTitle "GM"]
[BlackTitle "GM"]
[WhiteElo "2776"]
[BlackElo "2776"]
[WhiteFideId "5202213"]
[BlackFideId "738590"]
[EventDate "2022.05.22"]

1. d4 e6 2. c4 c5 3. d5 exd5 4. cxd5 d6 5. Nc3 g6 6. Bf4 Nf6 7. Nf3 a6 8. a4 Bg7
9. e3 O-O 10. h3 Ne8 11. Be2 Nd7 12. O-O Ne5 13. a5 Nxf3+ 14. Bxf3 Bd7 15. Be2
Rb8 16. Qd2 Qe7 17. Na4 Bxa4 18. Rxa4 b5 19. axb6 Rxb6 20. b4 cxb4 21. Rxb4 Rxb4
22. Qxb4 Be5 23. Bxa6 Nc7 24. Qb7 Bxf4 25. exf4 Qd8 26. Rc1 Nxa6 27. Qxa6 Qf6
28. g3 Rd8 29. Rc8 Rxc8 30. Qxc8+ Kg7 31. Qc4 h5 32. Qb4 Kh7 33. Qe4 Kg7 34. Kg2
Kh7 35. Qb4 Qf5 36. Qd4 Kg8 37. Qc4 Kh7 38. Kh2 Kg8 39. Qc6 Qe4 40. Qxd6 Qd4 41.
Kg1 1-0

[Event "Superbet Blitz 2022"]
[Site "Warsaw POL"]
[Date "2022.05.23"]
[Round "18.4"]
[White "Shevchenko, Kirill"]
[Black "Duda, Jan-Krzysztof"]
[Result "0-1"]
[WhiteTitle "GM"]
[BlackTitle "GM"]
[WhiteElo "2644"]
[BlackElo "2750"]
[WhiteFideId "14129574"]
[BlackFideId "1170546"]
[EventDate "2022.05.22"]

1. e4 e6 2. d4 d5 3. e5 c5 4. c3 Nc6 5. Nf3 Qb6 6. Bd3 Bd7 7. O-O cxd4 8. Re1
Nge7 9. h4 Nf5 10. Bxf5 exf5 11. cxd4 h6 12. Nc3 Be6 13. Re3 Be7 14. Ne2 Qd8 15.
h5 O-O 16. Ne1 a5 17. Nd3 a4 18. Ndf4 Bg5 19. Rg3 Bxf4 20. Nxf4 Kh8 21. Be3 Ne7
22. Qd2 Qb6 23. Nd3 Ng8 24. Nc5 Rfc8 25. Rc1 Qc6 26. Rc3 Qb5 27. Qc2 Ne7 28. Qc1
Kh7 29. Kh2 Rc6 30. Bf4 Rg8 31. Qc2 Qb4 32. Rgd3 Ra8 33. a3 Qb5 34. Rg3 Ra7 35.
Qc1 Ng8 36. Qc2 Kh8 37. Qd2 b6 38. Nd3 Rac7 39. Nb4 Rc4 40. Rcd3 Qe8 41. Qd1 Qe7
42. Rh3 Qd7 43. Rhg3 Kh7 44. Rd2 Rc1 45. Qf3 Re1 46. Nd3 Re4 47. Be3 Rc4 48. Rd1
Rc2 49. Rb1 Qb5 50. Nb4 Rc8 51. Kg1 Ne7 52. Re1 f4 53. Bd2 Rxe1+ 54. Bxe1 fxg3
55. Qxg3 Nf5 56. Qf4 Qe2 57. Bc3 Qd1+ 58. Kh2 Qxh5+ 59. Kg1 g5 60. Qd2 Qg4 61.
Nc2 Nh4 62. Ne1 Bf5 63. f3 Qf4 64. Qf2 Qc1 65. Bd2 Qd1 66. Kh2 Bg6 67. f4 Qh5
68. Kg1 g4 69. f5 Nxf5 70. Nd3 g3 0-1

[Event "Superbet Blitz 2022"]
[Site "Warsaw POL"]
[Date "2022.05.23"]
[Round "18.5"]
[White "Gavrilescu, David"]
[Black "Korobov, Anton"]
[Result "0-1"]
[WhiteTitle "IM"]
[BlackTitle "GM"]
[WhiteElo "2518"]
[BlackElo "2671"]
[WhiteFideId "1227190"]
[BlackFideId "14105730"]
[EventDate "2022.05.22"]

1. e4 c5 2. Nf3 d6 3. d4 cxd4 4. Qxd4 Nf6 5. Nc3 Nc6 6. Qe3 g6 7. Be2 Bg7 8. O-O
O-O 9. h3 Nd7 10. Rd1 a6 11. a4 b6 12. Nd5 e6 13. Nf4 Nc5 14. Nd3 Qc7 15. Nxc5
bxc5 16. c3 Rb8 17. Qf4 Ne5 18. Nxe5 Bxe5 19. Qh4 Qc6 20. Bh6 Rxb2 21. Bxf8 Kxf8
22. Bf3 Kg7 23. Rab1 Rxb1 24. Rxb1 Qxa4 25. Qd8 Bd7 26. c4 Qc2 27. Rd1 Ba4 28.
Rxd6 Qc1+ 29. Rd1 Bxd1 30. Qxd1 Qxc4 31. g3 a5 32. h4 a4 33. h5 a3 34. Qd2 h6
35. hxg6 a2 36. Qd7 a1=Q+ 37. Kh2 Bxg3+ 38. fxg3 Qf6 0-1